| 000 | 00514nam a22001697a 4500 | ||
|---|---|---|---|
| 999 |
_c8446 _d8446 |
||
| 008 | 201124b ||||| |||| 00| 0 eng d | ||
| 040 | _aBMS College of Architecture | ||
| 100 | _aReddy, Tanmayi K | ||
| 245 | _aPogudubandhu-Life on the loom | ||
| 300 | _aNA | ||
| 500 | _a1BM14AT042 | ||
| 502 |
_8B,Aarch _NBMS College of Architecture, Visvesvaraya Technological University (VTU) _aProject report _d2018 |
||
| 650 | _aNA | ||
| 700 |
_aShilpa Shrish _eGuide |
||
| 700 |
_aSayee Deodapar _eGuide |
||
| 942 |
_2ddc _cTHE |
||